Silksong Hunter's Journal Entries (with Pictures) - Statistics

General Stats
  • This quiz has been taken 309 times
  • The average score is 87 of 237
Answer Stats
Pic. Enemy % Correct
Moss Mother
95%
Skull Tyrant
89%
Bell Beast
87%
Savage Beastfly
82%
Beastfly
79%
Last Judge
71%
Fourth Chorus
68%
Lace
68%
Mossgrub
68%
Shakra
66%
Craw
66%
Cogwork Dancers
65%
Grand Mother Silk
65%
Phantom
65%
Widow
65%
Lost Lace
63%
Moorwing
63%
Skarrsinger Karmelita
63%
First Sinner
61%
Groal the Great
61%
Garmond & Zaza
61%
Lost Garmond
61%
Sister Splinter
61%
Judge
61%
Crawfather
60%
Great Conchfly
60%
Trobbio
60%
Conchfly
60%
Clover Dancers
58%
Father of the Flame
58%
Palestag
58%
Nyleth
58%
Second Sentinel
58%
Shrine Guardian Seth
58%
Flintbeetle
58%
Massive Mossgrub
58%
Broodmother
56%
Gurr the Outcast
56%
Pinstress
56%
The Unravelled
56%
Tormented Trobbio
55%
Voltvyrm
55%
Muckmaggot
55%
Muckroach
55%
Bell Eater
53%
Watcher at the Edge
53%
Elder Pilgrim
53%
Plasmified Zango
52%
Mite
52%
Disgraced Chef Lugoli
50%
Forebrothers Signis & Gron
50%
Craggler
50%
Pilgrim Hiker
50%
Mossmir
48%
Skarrgard
48%
Grom
47%
Winged Pilgrim
47%
Aknid
45%
Crust King Khann
45%
Covetous Pilgrim
45%
Grand Reed
45%
Penitent
45%
Pilgrim Bellbearer
45%
Skull Scuttler
45%
Vaultkeeper
45%
Wisp
45%
Caranid
44%
Skull Brute
44%
Skullwing
44%
Tallcraw
44%
Clawmaiden
42%
Craw Juror
42%
Gromling
42%
Maestro
42%
Marrowmaw
42%
Mitemother
42%
Reed
42%
Shadow Creeper
42%
Stilkin
42%
Void Tendrils
42%
Huge Flea
40%
Splinter
40%
Hoker
39%
Kilik
39%
Lavalug
39%
Pilgrim Guide
39%
Pilgrim Pouncer
39%
Pondcatcher
39%
Roachcatcher
39%
Snitchfly
39%
Squatcraw
39%
Surgeon
39%
Underscrub
39%
Cloverstag
37%
Cragglite
37%
Dreg Catcher
37%
Hardbone Hopper
37%
Roachfeeder
37%
Scrollreader
37%
Vicious Caranid
37%
Bloatroach
35%
Burning Bug
35%
Deep Diver
35%
Mortician
35%
Overgrown Pilgrim
35%
Pilgrim Hulk
35%
Underworker
35%
Void Mass
35%
Wardenfly
35%
Winged Pilgrim Bellbearer
35%
Choir Bellbearer
34%
Choir Clapper
34%
Cogwork Clapper
34%
Drapefly
34%
Drapemite
34%
Dreg Husk
34%
Driznit
34%
Lavalarga
34%
Mawling
34%
Pharlid
34%
Pilgrim Groveller
34%
Shardillard
34%
Silk Snipper
34%
Swamp Squit
34%
Choir Elder
32%
Driznarga
32%
Ductsucker
32%
Furm
32%
Sandcarver
32%
Skarr Scout
32%
Squirrm
32%
Tallcraw Juror
32%
Tarmite
32%
Winged Furm
32%
Wingmould
32%
Wraith
32%
Barnak
31%
Dregwheel
31%
Hardbone Elder
31%
Memoria
31%
Plasmid
31%
Pond Skipper
31%
Rhinogrund
31%
Roachkeeper
31%
Servitor Ignim
31%
Skarrwing
31%
Splinterhorn
31%
Squatcraw Juror
31%
Cogwork Cleanser
29%
Cogworker
29%
Drapelord
29%
Flintflame Flyer
29%
Karaka
29%
Last Claw
29%
Minister
29%
Slubberlug
29%
Spit Squit
29%
Thread Raker
29%
Vaultborn
29%
Wood Wasp
29%
Choir Pouncer
27%
Flintstone Flyer
27%
Fluttermite
27%
Lampbearer
27%
Pharlid Diver
27%
Pilgrim Hornfly
27%
Stilkin Trapper
27%
Underpoke
27%
Undersweep
27%
Cogwork Defender
26%
Coral Furm
26%
Crustcrag
26%
Gahlia
26%
Guardfly
26%
Kai
26%
Puny Penitent
26%
Roachserver
26%
Scabfly
26%
Shadow Charger
26%
Skarr Stalker
26%
Smokerock Sifter
26%
Spear Skarr
26%
Winged Lifeseed
26%
Summoned Saviour
24%
Choir Flyer
24%
Choir Hornhead
24%
Choristor
24%
Skrill
24%
Smelt Shoveller
24%
Garpid
23%
Plasmidas
23%
Pokenabbin
23%
Servitor Boran
23%
Skarrlid
23%
Splinterbark
23%
Yuma
23%
Cogwork Choirbug
21%
Envoy
21%
Gargant Gloom
21%
Undercrank
21%
Yumama
21%
Crustcrawler
19%
Fertid
19%
Freshfly
19%
Giant Drapemite
19%
Imoba
19%
Karak Gor
19%
Shellwood Gnat
19%
Steelspine Kai
19%
Yago
19%
Alita
18%
Cogwork Hauler
18%
Corrcrust Karaka
18%
Gloomsac
18%
Mnemonid
18%
Underloft
18%
Verdanir
18%
Cogwork Crawler
16%
Cogwork Spine
16%
Cogwork Underfly
16%
Miremite
16%
Mothleaf Lagnia
16%
Phacia
16%
Pollenica
16%
Brushflit
15%
Driftlin
15%
Flapping Fertid
15%
Mnemonord
15%
Pendra
15%
Pendragor
15%
Escalion
13%
Spinebeak Kai
11%
Kindanir
10%
Leaf Roller
10%
Kakri
8%
Leaf Glider
8%
Nuphar
8%
No matching quizzes found
Score Distribution
Percent of People with Each Score
Percentile by Number Answered
Your Score History
You have not taken this quiz